000 00375nam a2200145 i 4500
001 bg
100 1 _aZAGALSKAJA, Ju. G.
245 0 _aGeometriceskaja mikrokristallografia /
_cJu.G. Zagalskaja, G.P. Litvinskaja.
260 _aMoskva,
_c1976.
700 1 _aLITVINSKAJA, G. P.
040 _cBPK
041 _apol
942 _cKS
008 s pl f |000 0 pol
999 _c17142
_d17142
856 _uhttp://koha.tu.koszalin.pl/cgi-bin/koha/opac-detail.pl?biblionumber=17142
_yKatalog online BPK